| 000 | 00442nam a2200157 i 4500 | ||
|---|---|---|---|
| 001 | 104067 | ||
| 003 | ES-MaACL | ||
| 005 | 20230906183513.0 | ||
| 007 | t| | ||
| 008 | 051122s1960 sp ||||1| spa d | ||
| 100 | 1 |
_aMicó Buchón, José Luis. _980948 |
|
| 245 | 1 | 0 |
_aProsa española siglo XX / _cJosé Luis Micó Buchón. |
| 260 |
_aMadrid : _bRazón y Fé, _c1960. |
||
| 300 |
_a589 p. ; _c18 cm. |
||
| 852 |
_aES-MaACL _jC-19244 _bR.46976 |
||
| 999 |
_c104067 _d104067 |
||